000 00524nam a2200193 a 4500
001 1777709375801
003 YourLibrary
005 20260502134133.0
008 260502s2001##################000#0#eng##
020 _a9789041198570
082 0 4 _a341.4844026
_bLAN
100 1 _aLang, Michael,
_eauthor.
245 1 0 _aTax Treaty Interpretation :
260 _bKluwer Law International B.V.,
_c2001.
300 _a402 pages
650 0 _aBusiness & Economics.
942 _cENGLISH
040 _aYourLibrary
_beng
_cYourLibrary
999 _c622104
_d622104